<?xml version="1.0" encoding="UTF-8"?>
<collection xmlns="http://www.loc.gov/MARC21/slim">
 <record>
  <leader>02098nam a2200301 a 4500</leader>
  <controlfield tag="001">1/48635</controlfield>
  <controlfield tag="008">190411s2015    gr            00010 gre  </controlfield>
  <datafield tag="020" ind1=" " ind2=" ">
   <subfield code="a">9789605623722</subfield>
  </datafield>
  <datafield tag="035" ind1=" " ind2=" ">
   <subfield code="l">51633</subfield>
  </datafield>
  <datafield tag="040" ind1=" " ind2=" ">
   <subfield code="a">GR-PeUP</subfield>
  </datafield>
  <datafield tag="082" ind1="0" ind2="0">
   <subfield code="a">344.163 804 6 ΡΑΥ</subfield>
  </datafield>
  <datafield tag="100" ind1="1" ind2=" ">
   <subfield code="a">Ραυτόπουλος, Ευάγγελος.</subfield>
  </datafield>
  <datafield tag="245" ind1="1" ind2="3">
   <subfield code="a">Το νέο καθεστώς της σύμβασης της Βαρκελώνης για τη προστασία του περιβάλλοντος της Μεσογείου :</subfield>
   <subfield code="b">το πρόβλημα και τα κείμενα της ελληνικής μετάφρασης /</subfield>
   <subfield code="c">Ευάγγελου Ραυτόπουλου ; προλογίζει ο Χρήστος Γιανναράς.</subfield>
  </datafield>
  <datafield tag="250" ind1=" " ind2=" ">
   <subfield code="a">2η έκδ.</subfield>
  </datafield>
  <datafield tag="260" ind1="0" ind2=" ">
   <subfield code="a">Αθήνα :</subfield>
   <subfield code="b">Νομική Βιβλιοθήκη,</subfield>
   <subfield code="c">2015.</subfield>
  </datafield>
  <datafield tag="300" ind1=" " ind2=" ">
   <subfield code="a">xxvi, 451 σ. ;</subfield>
   <subfield code="c">24 εκ.</subfield>
  </datafield>
  <datafield tag="490" ind1="1" ind2=" ">
   <subfield code="a">MEPIELAN. Μελέτες διεθνούς περιβαλλοντικού δικαίου και διαπραγμάτευσης ;</subfield>
  </datafield>
  <datafield tag="650" ind1=" " ind2="4">
   <subfield code="a">Περιβαλλοντική προστασία</subfield>
   <subfield code="z">Μεσόγειος, Περιοχή της.</subfield>
  </datafield>
  <datafield tag="650" ind1=" " ind2="4">
   <subfield code="a">Περιβαλλοντική πολιτική</subfield>
   <subfield code="z">Μεσόγειος, Περιοχή της.</subfield>
  </datafield>
  <datafield tag="650" ind1=" " ind2="4">
   <subfield code="a">Θαλάσσια ρύπανση</subfield>
   <subfield code="x">Δίκαιο και νομοθεσία</subfield>
   <subfield code="z">Μεσόγειος, Περιοχή της.</subfield>
  </datafield>
  <datafield tag="650" ind1=" " ind2="4">
   <subfield code="a">Environmental protection</subfield>
   <subfield code="z">Mediterranean, Region.</subfield>
  </datafield>
  <datafield tag="650" ind1=" " ind2="4">
   <subfield code="a">Environmental policy</subfield>
   <subfield code="z">Mediterranean Region.</subfield>
  </datafield>
  <datafield tag="650" ind1=" " ind2="4">
   <subfield code="a">Marine pollution</subfield>
   <subfield code="x">Law and legislation</subfield>
   <subfield code="x">Mediterranean Sea.</subfield>
  </datafield>
  <datafield tag="700" ind1="1" ind2=" ">
   <subfield code="a">Γιανναράς, Χρήστος,</subfield>
   <subfield code="d">1935-</subfield>
  </datafield>
  <datafield tag="830" ind1=" " ind2=" ">
   <subfield code="a">MEPIELAN. Μελέτες διεθνούς περιβαλλοντικού δικαίου και διαπραγμάτευσης ;</subfield>
   <subfield code="v">1</subfield>
  </datafield>
  <datafield tag="852" ind1=" " ind2=" ">
   <subfield code="a">INST</subfield>
   <subfield code="b">UNIPILB</subfield>
   <subfield code="c">MAIN</subfield>
   <subfield code="e">20190411</subfield>
   <subfield code="h">344.163 804 6 ΡΑΥ</subfield>
   <subfield code="p">00180915</subfield>
   <subfield code="q">00180915</subfield>
   <subfield code="t">LOAN</subfield>
   <subfield code="y">0</subfield>
   <subfield code="4">3</subfield>
  </datafield>
  <datafield tag="852" ind1=" " ind2=" ">
   <subfield code="a">INST</subfield>
   <subfield code="b">UNIPILB</subfield>
   <subfield code="c">MAIN</subfield>
   <subfield code="e">20190411</subfield>
   <subfield code="h">344.163 804 6 ΡΑΥ</subfield>
   <subfield code="p">00180916</subfield>
   <subfield code="q">00180916</subfield>
   <subfield code="t">LOAN</subfield>
   <subfield code="y">0</subfield>
   <subfield code="4">2</subfield>
  </datafield>
  <datafield tag="852" ind1=" " ind2=" ">
   <subfield code="a">INST</subfield>
   <subfield code="b">UNIPILB</subfield>
   <subfield code="c">MAIN</subfield>
   <subfield code="e">20190411</subfield>
   <subfield code="h">344.163 804 6 ΡΑΥ</subfield>
   <subfield code="p">00180917</subfield>
   <subfield code="q">00180917</subfield>
   <subfield code="t">LOAN</subfield>
   <subfield code="y">0</subfield>
   <subfield code="4">1</subfield>
  </datafield>
 </record>
</collection>
